000 00861nmm a2200265 a 4500
001 ocm000999348
003 TR-IsHL
005 20201028151404.0
008 150709s2003 tu tur
007 cr cn
035 _a999348
_b(N$T)
050 0 4 _aKKX4604.31992
_b.Y87 2003
090 0 4 _aKKX4604.31992
_b.Y87 2003
100 1 _aYurtcan, Erdener
245 1 0 _aAvukatın CMUK el kitabı
_h[electronic resource] /
_cErdener Yurtcan
250 _agüncelleştirilmiş 3. baskı
260 _aİstanbul :
_bErdener Yurtcan Kitaplığı,
_c2003
300 _a436 p.
650 4 _aHukuk
650 4 _aLaw
650 0 _aCeza yargılaması
_x Türkiye
650 0 _aCriminal procedure
_xTurkey
650 7 _aLAW / Criminal Law / General
_2bisacsh
856 4 0 _uhttp://search.ebscohost.com/login.aspx?direct=true&scope=site&db=e011xww&AN=999348
999 _c10980
_d10980